000 00612nam a22001817a 4500
999 _c190247
_d190247
005 20220721111636.0
010 _aENG-133760
020 _c675.00
_a9789385606212
035 _aEN-117292
037 _bDBAD/PUB
082 _a150.1950954
100 _aPinto, Sarah
245 _aThe Doctor and Mrs A.:
_bEthics and Counter-Ethics in an Indian Dream Analysis/
_cSarah Pinto
260 _aNew Delhi
_bWomen Unlimited
_c2019
270 _a7/10,First Floor, Sarvapriya Vihar
_bNew Delhi
_e110016
300 _a235p.
_c22cm(hbk)
_bPostscript, Acknowledgements
942 _2ddc
_cEN
_h150.1950954
_mPIN